000
00346 a2200157 4500
001
49912
020
_a
8526241745
040
_c
Anchieta - Bela Vista
100
_a
Grenier, Christian
240
1
0
_a
O metrônomo mágico
_l
por
245
1
0
_a
O metrônomo mágico
300
_a
45
362
0
_a
2002
650
4
_a
Literatura juvenil
942
_c
BK
999
_c
49912
_d
49912